| 000 | 00616nam a2200193 i 4500 | ||
|---|---|---|---|
| 001 | 104898 | ||
| 003 | ES-MaACL | ||
| 005 | 20230906183723.0 | ||
| 007 | t| | ||
| 008 | 060523s1946 fr ||||1| fre d | ||
| 080 | _a782.1(091) | ||
| 100 | 1 |
_aHorowicz, Bronislaw. _964238 |
|
| 245 | 1 | 3 |
_aLe théatre d'opéra _b: histoire, réalisations scéniques, possibilités / _cBronislaw Horowicz. |
| 260 |
_aParis : _bEditions de Flore, _c1946. |
||
| 300 |
_a270 p. : _bil. ; _c22 cm. |
||
| 500 | _aBiblioteca Jacinto Martínez Lacalle. | ||
| 650 | 4 |
_aÓpera- _xHistoria. _915712 |
|
| 852 |
_aES-MaACL _jE-11221 _bR.138926 |
||
| 999 |
_c104898 _d104898 |
||